| 000 | 01818njm a2200301Ia 4500 | ||
|---|---|---|---|
| 001 | E7769 | ||
| 003 | IT-RoPAU | ||
| 005 | 20220918181113.0 | ||
| 008 | 131025s9999 xx 000 0 und d | ||
| 040 | _aIT-RoPAU | ||
| 040 | _cIT-RoPAU | ||
| 041 | _aITALIANO | ||
| 999 |
_c99200 _d99200 |
||
| 999 | _bn.d. | ||
| 100 |
_aAA.VV. _9794 |
||
| 100 |
_eAutore musica _932021 |
||
| 100 |
_gCodice autore musica SPICS: 12000 _9796 |
||
| 245 | _aRomanza | ||
| 250 | _a1a ed. | ||
| 260 | _aITALIA | ||
| 260 |
_bINSIEME S.R.L. _c1997 [1a Ed.:1997 - Ed. Lingua Orig.: 1997] |
||
| 300 | _aCOMPACT DISC | ||
| 300 | _c68 minuti (Testo: pag.) | ||
| 500 | _aMusica leggera. Canzone italiana. Brani di autori vari. | ||
| 505 | _aCon te partirò [(Sartori Franco-Quarantotto L.) (5:00)] - Vivere [(Featuring Gerardina Trovato) (Anastasio A.-Valli C.-Gerardina Trovato) (5:00)] - Per amore [(Nava Mariella) (5:00)] - Il mare calmo della sera [(Felisatti G.-Malise-Nuti G.) (5:00)] - Caruso [(Dalla Lucio) (6:00)] - Macchine da guerra [(Smith A.) (5:00)] - Le tue parole [(Amoruso Joe-Cirillo Silvana) (5:00)] - Vivo per lei [(Featuring Giorgia) (Zelli V.-Mengali M.-Panceri Gatto) (5:00)] - Romanza [(Malavasi Mauro-Mengali M.-Panceri Gatto) (4:00)] - La luna che non c'è [(Farina-Maggio A.) (5:00)] - Rapsodia [(Malise) (6:00)] - Voglio restare così [(Bocelli Andrea) (4:00)] - E chiove [(Amoruso Joe-Cirillo Silvana) (5:00)] - Miserere [(Featuring John Miles) (Fornaciari Zucchero-) (5:00)] - Funiculì funiculà [(Featuring John Miles) (Denza L.) (2:00)] - Time To Say Goodbye [(Con te partirò) (Featuring Sarah Brihtman) (Quarantotto Claudio-Sartori Franco) (5:00)] | ||
| 650 |
_aCANZONE [COMPACT DISC] _eCodice MATERIA SPICS: 9949 _930149 |
||
| 700 |
_aBocelli Andrea _gCodice interprete SPICS: 38874 _eInterprete _932022 |
||
| 942 |
_cCD _2ddc |
||